The Legal Effects of EU Agreements (Record no. 26605)

MARC details
000 -LEADER
fixed length control field 00752nam a2200121Ia 4500
008 - FIXED-LENGTH DATA ELEMENTS--GENERAL INFORMATION
fixed length control field 220620s9999||||xx |||||||||||||| ||und||
100 ## - MAIN ENTRY--PERSONAL NAME
Personal name Mendez, Mario
245 #4 - TITLE STATEMENT
Title The Legal Effects of EU Agreements
546 ## - LANGUAGE NOTE
Language note English[eng]
650 ## - SUBJECT ADDED ENTRY--TOPICAL TERM
Topical term or geographic name entry element eu courts||treaty enforcement||constitutionalization||member states||eu level litigation||cjeu||domestic courts||eu law||eu concluded treaties||Creative Commons||Direct effect of European Union law||European Court of Justice||European Union||European Union law||General Agreement on Tariffs and Trade||International law||World Trade Organization
856 ## - ELECTRONIC LOCATION AND ACCESS
Uniform Resource Identifier <a href="https://library.oapen.org/bitstream/20.500.12657/33858/1/453475.pdf||https://library.oapen.org/bitstream/20.500.12657/33858/1/453475.pdf">https://library.oapen.org/bitstream/20.500.12657/33858/1/453475.pdf||https://library.oapen.org/bitstream/20.500.12657/33858/1/453475.pdf</a>
942 ## - ADDED ENTRY ELEMENTS (KOHA)
Koha item type E-Books
Holdings
Withdrawn status Lost status Damaged status Not for loan Home library Current library Date acquired Total Checkouts Date last seen Price effective from Koha item type
        Kerala University of Digital Sciences, Innovation and Technology Knowledge Centre Kerala University of Digital Sciences, Innovation and Technology Knowledge Centre 20/06/2022   20/06/2022 20/06/2022 E-Books